000 00621nam a2200217 i 4500
001 30199
003 ES-MaACL
005 20250801201855.0
007 t|
008 030123s1972 sp ||||1| spa d
100 1 _aBarth, Karl.
_926105
245 1 0 _aRevelación, Iglesia, Teología /
_cKarl Barth ; traducción por Eloy Requena.
260 _aMadrid :
_bStudium,
_c[1972]
300 _a59 p. ;
_c19 cm.
650 0 4 _aRevelación.
_916895
650 0 4 _aIglesia.
_913549
650 0 7 _aTeología
_2embne
_917457
700 1 _aRequena, Eloy.
_996289
852 _aES-MaACL
_jC-46503
_bR.81668
999 _c30199
_d30199